The Eastern question : an historical study in European diplomacy /

محفوظ في:

المؤلف الرئيسي: Marriott, J. A. R. Sir, 1859-1945.

التنسيق: كتاب

اللغة: English

منشور في: Oxford : Clarendon Press, 1951.

الموضوعات:

الوسوم: إضافة وسم

لا توجد وسوم, كن أول من يضع وسما على هذه التسجيلة!

رقم الطلب: D371 .M32 1951

LEADER 00882cam a2200241Ma 4500
001 ocm32505173
003 OSt
005 20251203140942.0
008 950413s1951 enkbf b 001 0 eng d
040 |c ARCE Library 
043 |a ed-----  |a aw----- 
050 4 |a D371 .M32 1951 
100 1 |a Marriott, J. A. R.  |q (John Arthur Ransome),  |c Sir,  |d 1859-1945. 
245 1 4 |a The Eastern question :  |b an historical study in European diplomacy /  |c by J. A. R. Marriott. 
264 1 |a Oxford :   |b Clarendon Press,   |c 1951. 
300 |a xii, 602 pages :   |b 1 leaf illustrations (maps, genealogical tables) 2 folded maps (including frontispiece) ;   |c 20 cm.  |f   
500 |a Fourth edition 1940 ; reprinted. 
504 |a Includes bibliographical references and index. 
650 0 |a Eastern question (Balkan) 
650 0 |a Eastern question. 
901 |a reviewed 
942 |2 lcc  |c BK 
999 |c 55434  |d 55434